| 000 | 00488pab a2200169 454500 | ||
|---|---|---|---|
| 008 | 180718b2006 xxu||||| |||| 00| 0 eng d | ||
| 100 | _aBourque, Linda B. et al. | ||
| 245 | _aWeathering the storm: the impact of hurricanes on physical and mental health | ||
| 260 | _c2006 | ||
| 300 | _ap.129-51. | ||
| 362 | _aMar | ||
| 650 | _aMental health | ||
| 650 | _aDisasters | ||
| 650 | _aStorms | ||
| 773 | _aAnnals of the American Academy of Political and Social Science | ||
| 909 | _a69212 | ||
| 999 |
_c69212 _d69212 |
||